00511nam a2200205Ia 4500003000400000005001700004008004100021020001500062040001800077041000800095082002100103100001900124245006600143250001200209260002400221300001300245650001000258700001900268700001800287OSt20231019101332.0210716s1995 xx 000 0 und d a0789701006 cAIMIT LIBRARY aeng a005.44 21bTACJ aTackett, Jack. aUsing linux /cby Jack Tackett; David Gunter and Lance Brown. a1st ed. aUSA ,c1995.bQue : axxvi,861 aLinux aGunter, David. aBrown, Lance.